| 000 | 00404nam a2200121Ia 4500 | ||
|---|---|---|---|
| 008 | 220620s9999||||xx |||||||||||||| ||und|| | ||
| 100 | _aGerver, Mollie | ||
| 245 | 4 | _aThe Ethics and Practice of Refugee Repatriation | |
| 546 | _aEnglish[eng] | ||
| 650 | _aPolitical Science||International Relations | ||
| 856 | _uhttps://library.oapen.org/bitstream/20.500.12657/46537/1/external_content.pdf | ||
| 942 | _cEB | ||
| 999 |
_c32492 _d32492 |
||